01239agaaa2200289 45000010005000000030009000050050017000140070009000310080040000400400023000800410013001031000047001161300015001632450122001782500022003002600118003223000033004405080069004735110021005425200116005635380016006795460013006956500058007087000062007667000059008287000062008876158IT-RoPAU20220918181224.0d cvaizq50131s9999||||xx ||| | || ||und|| aIT-RoPAUcIT-RoPAU aITALIANO aDi Carlo CarlogCodice regista SPICS: 7226 aMARZABOTTO aMARZABOTTOcProdotto da: Di Carlo Carlo Diretto da: Di Carlo CarlopMARZABOTTO (Rif. Codice opera principale : 26158) aEdizione Standard a(ITALIA)bSENZA EDITRICE O NON IDENTIFICATA / Distribuzione: RAIg"1984 (1° ed.: 1984 ; Ed. Lingua Orig.: 1984)" aVHSbsonoro, col.c30 minuti a"Montaggio: Di Carlo C. Pascucci; Musica: Battistelli Giorgio; " aModugno Ludovica aDOCUMENTARIO STORICO SUI MORTI DI MARZABOTTO DEL 1944 STRAGE COMANDATA DA ROEDER NEL '44 RIEVOCATA 44 ANNI DOPO aPAL, STEREO aITALIANO aDOCUMENTARIOeFILMS [VHS]xCodice MATERIA SPICS: 9960 aBattistelli Giorgioe(musica)gCodice Musica SPICS: 30734 aDi Carlo Carlo e(regista)gCodice regista SPICS: 7226 aRoversi Roberto e(soggetto)gCodice Soggetto SPICS: 1812